Score 0/27 Timer 11:00
3 Plays Today
Hint Movie % Correct
FamilyToy Story
86.9%
FamilyBeauty and the Beast
84.9%
FamilyJumanji
76.5%
DramaFight Club
76.2%
Sci-FiStar Wars: Episode VI - Return of the Jedi
72.1%
ComedyAmerican Pie
71.2%
HorrorThe Shining
67.9%
BiographyAmadeus
64.6%
Sci-FiInception
60.2%
WarThe Pianist
58.5%
RomanceThe Notebook
56.6%
HorrorThe Blair Witch Project
56.1%
BiographyHidden Figures
51.9%
WarThe Hurt Locker
46.3%
Hint Movie % Correct
DramaThere Will Be Blood
45.3%
Romance(500) Days of Summer
43.7%
WarFull Metal Jacket
43.7%
BiographyMonster
41.8%
ComedyClerks 2
41.4%
DramaBig Fish
37.8%
Mystery/ThrillerBlack Swan
36.3%
ComedyLock, Stock and Two Smoking Barrels
28%
RomanceBefore Sunrise
17.1%
Sci-FiSunshine
11.8%
Mystery/ThrillerFunny Games
11.8%
HorrorLet the Right One In
11.7%
Mystery/ThrillerMulholland Drive
10.9%
Remove Ads.
Support Sporcle.
Get the best of Sporcle when you Go Orange. This ad-free experience offers more features, more stats, and more fun while also helping to support Sporcle. Thank you for becoming a member.

You're not logged in!

Compare scores with friends on all Sporcle quizzes.
OR
Log In

Show Comments

Extras

Top Quizzes Today


Score Distribution

Your Account Isn't Verified!

In order to create a playlist on Sporcle, you need to verify the email address you used during registration. Go to your Sporcle Settings to finish the process.

Report this User

Report this user for behavior that violates our Community Guidelines.

Details: